000 00494nam a2200181 a 4500
001 16559
005 20180713205524.0
008 140415s1966 000 0 spa d
041 _aspa
082 _a190
_bSCI
100 1 _aSCIACCA, MICHELE FEDERICO
245 1 0 _aESTUDIOS SOBRE FILOSOFIA MODERNA
260 _a[s.l.] :
_bLUIS MIRACLE,
_c1966
300 _a540
490 _aBIBLIOTECA FILOSOFICA
650 1 4 _aFILOSOFIA MODERNA
700 1 _aRUIZ CUEVAS, JUAN JOSE
_etr.
999 _c16559
_d16559